000 00260nam a22001217a 4500
008 180111b xxu||||| |||| 00| 0 eng d
041 _aeng
080 _a82
100 _a21
101 _aGJU
245 _aSIXTEN SHORT NOVELS
_cWILFRID.SH
942 _2udc
_cBK
999 _c40100
_d40100